Games by Collectable - Statistics

General Stats
  • This quiz has been taken 6 times
  • The average score is 4 of 10
Answer Stats
Hint Answer % Correct
Jiggies, Musical Notes, Jinjos Banjo-Kazooie/Banjo-Tooie
83%
Chaos Emeralds, Rings Sonic The Hedgehog
67%
Wumpa Fruit, Gems Crash Bandicoot
50%
Golden Bananas, Blueprints, Banana Coins Donkey Kong 64
50%
Power Moons, Red Coins, Coins Super Mario Odyssey
50%
Dragon Eggs, Talismans, Orbs, Gems Spyro the Dragon
33%
Power Stars, Red Coins, Coins Super Mario 64
33%
Shines/Shine Sprites, Blue Coins Super Mario Sunshine
33%
Thunder Eggs, Golden Cogs Ty the Tasmanian Tiger
0%
Pagies, Quills, Arcade Machines Yooka-Laylee
0%
No matching quizzes found
Score Distribution
Percent of People with Each Score
Percentile by Number Answered
Your Score History
You have not taken this quiz